Values in the church year : for evangelical Protestantism /

Bibliographic Details
Main Author: Dunkle, William Frederick
Format: Book
Language:English
Published: New York : Abingdon Press, [1959]
Subjects:

MARC

Tag First Indicator Second Indicator Subfields
LEADER 00000cam a2200000 4500
001 in00000017766
005 20151007053512.0
008 770419s1959 nyu b 00110 eng
010 |a  59010359  
035 |a (OCoLC)02900640 
035 |9 AAB1883AM 
040 |a DLC  |c GPM  |d TXA  |d UtOrBLW 
049 |a TXAM  |c [A11101052] 
050 0 0 |a BV30  |b .D8 
082 0 |a 264 
100 1 |a Dunkle, William Frederick. 
245 1 0 |a Values in the church year :  |b for evangelical Protestantism /  |c William Frederick Dunkle, Jr. 
264 1 |a New York :  |b Abingdon Press,  |c [1959] 
264 4 |c [©1959] 
300 |a 144 pages ;  |c 20 cm. 
336 |a text  |b txt  |2 rdacontent 
337 |a unmediated  |b n  |2 rdamedia 
338 |a volume  |b nc  |2 rdacarrier 
504 |a Includes bibliography and indexes. 
650 0 |a Church year. 
650 0 |a Liturgics. 
999 |a MARS 
999 f f |s a24c162b-805c-3e1d-a78e-8a7854d6fbee  |i 6562cbb0-9607-377f-b76c-37c5cdb4024f  |t 0 
952 f f |p ric  |a Texas A&M University  |b Rellis Campus  |c Joint Library Facility  |d Remote Storage  |t 0  |e BV30 .D8  |h Library of Congress classification  |i unmediated -- volume  |m A14811101052 
998 f f |a BV30 .D8  |t 0  |l Remote Storage